00547nam a2200169Ia 450000500170000000800410001702000150005808200130007310000180008624500380010426000590014230000110020150000460021294200060025895200980026499900150036220250529031628.0240331s9999 xx 000 0 und d a955939004X bSENa303 aSenanayaka, M 0aLankawe abbyanthara sarangathayin aColombobCentre For policy Research and Analysisc1997 a90 p., aInternally Displaced persons in Sri Lanka cL 001040708LaWERCLbWERCLcSSCd2024-03-31l0o 303.83 SENp2714r2024-03-31w2024-03-31yL c1336d1336